• 首页
  • 本馆介绍
  • 公告通知
  • 最新文献
  • 馆藏检索
  • 电子资源
  • 读者导购
  • 参考咨询
  • 我的图书馆
  • 登录
  • 详细信息显示
  • 放入我的书架
  • 预约/预借图书
  • 作者相关作品
  • 分类相关作品
  • 丛书相关作品
  • 出版社相关作品

书目信息

  • 表格格式
  • 工作单格式
  • 卡片格式
题名:
国富论
    
 
作者: 李晓鹏 著 ;王滢 绘
分册:  
出版信息: 南宁   接力出版社  2017.01
页数: 127页
开本: 28cm
丛书名: 少儿万有经典文库
单 册:
中图分类:
科图分类:
主题词: 古典资产阶级政治经济学--少年读物 , 经济思想史
电子资源:
ISBN: 978-7-5448-4675-2
000 01191nam 2200313 450
001 2355238298
005 20120619084234.95
010    @a978-7-5448-4675-2@b精装@dCNY68.00
100    @a20170420d2017 cemy0chiy50 ea
101 0  @achi
102    @aCN@b460000
105    @aa z 000yy
106    @ar
200 1  @a国富论@f李晓鹏著@g王滢绘
205    @a少儿彩绘版
210    @a南宁@c接力出版社@d2017.01
215    @a127页@c彩图@d28cm
225 2  @a少儿万有经典文库
300    @a北京市绿色印刷工程 —— 优秀青少年读物绿色印刷示范项目
330    @a本书作者李晓鹏博士以精湛深厚的学术功底, 提炼《国富论》的思想精髓, 用通俗易懂的语言, 讲述亚当? 斯密的生平故事, 首先从亚当·斯密的成长经历入手, 介绍了这个出身苏格兰普通家庭的孩子是如何从儿童时代的乖孩子、中学时代的“模范生”到大学时代的思想激进派, 然后跟传统思想决裂, 放弃牛津大学的博士学位, 周游欧洲, 吸取启蒙思想的成果, 最后成长为一位伟大的思想家的。
410  0 @12001 @a少儿万有经典文库
606 0  @a古典资产阶级政治经济学@j少年读物
606 0  @a经济思想史
690    @a@v5
690    @aF091.33@v4
701  0 @a李晓鹏@4著
702  0 @a王滢@4绘
801  0 @aCN@b安徽时代出版发行有限公司@c20170420
905    @dF091.33@e109
    
    国富论/李晓鹏著/王滢绘.-少儿彩绘版.-南宁:接力出版社,2017.01
    127页:彩图;28cm.-(少儿万有经典文库)
    北京市绿色印刷工程 —— 优秀青少年读物绿色印刷示范项目
    
    ISBN 978-7-5448-4675-2(精装):CNY68.00
    本书作者李晓鹏博士以精湛深厚的学术功底, 提炼《国富论》的思想精髓, 用通俗易懂的语言, 讲述亚当? 斯密的生平故事, 首先从亚当·斯密的成长经历入手, 介绍了这个出身苏格兰普通家庭的孩子是如何从儿童时代的乖孩子、中学时代的“模范生”到大学时代的思想激进派, 然后跟传统思想决裂, 放弃牛津大学的博士学位, 周游欧洲, 吸取启蒙思想的成果, 最后成长为一位伟大的思想家的。
●
相关链接 在E读中查询图书 在五车中查询图书 在当当中查询图书 在豆瓣中查询图书


正题名:国富论     索取号:F091.33/109         预约/预借

序号 登录号 条形码 馆藏地/架位号 状态 备注
1 1412053   214120538   第一样本阅览室/ [索取号:F091.33/109] 在馆    
2 1412054   214120547   第一借阅区/ [索取号:F091.33/109] 在馆    
3 1412055   214120556   第一借阅区/ [索取号:F091.33/109] 在馆    
4 1412056   214120565   第一借阅区/ [索取号:F091.33/109] 已借出,限还日期为2026.05.11
借出人:隆伟  
 
5 1412057   214120574   第一借阅区/ [索取号:F091.33/109] 在馆    
唐山师范学院图书馆 欢迎您!
大连网信软件有限公司© 版权所有